Quadratzahlen unter 1000 - Statistiken

Allgemein
  • Dieses Quiz wurde 169 mal gespielt
  • Das Durchschnittsergebnis liegt bei 24 aus 32
Antwortstatistiken
Zahlen % Korrekt
1
100%
4
100%
16
97%
25
97%
36
97%
49
97%
64
97%
9
97%
81
96%
0
95%
100
95%
121
94%
144
91%
169
84%
196
82%
225
79%
400
75%
256
69%
900
62%
361
61%
441
61%
289
60%
324
60%
625
57%
484
55%
529
52%
576
51%
676
47%
961
47%
841
45%
729
44%
784
44%
Keine übereinstimmenden Quizze gefunden
Verteilung der Resultate
Anzahl Personen mit jedem Resultat
Perzentil nach korrekt beantworteten Fragen
Ihre Resultats-Entwicklung
Sie haben dieses Quiz noch nicht gespielt